| 000 | 00968 a2200217 4500 | ||
|---|---|---|---|
| 005 | 20080904130226.0 | ||
| 008 | 080904t xxu||||| |||| 00| 0 hin d | ||
| 010 | _aHIN-79027 | ||
| 020 |
_c135.00 _a8190214330 |
||
| 035 | _aHN-51374 | ||
| 037 | _bD.B.Act / pub | ||
| 082 | _a535 | ||
| 100 | _aसत्यपाल | ||
| 245 |
_aप्रकाशित विकिरण _cसत्यपाल |
||
| 246 |
_aPrakashic vikiran _bby Satyapal |
||
| 260 |
_aदिल्ली _bखुराना पाँकेट बुक्स _c2006 |
||
| 270 |
_a568, डा.मुखर्जी नगर _bदिल्ली _e110009 |
||
| 300 |
_c22 सेमी (सजिल्द) _a120पृ _bसचित्र |
||
| 942 |
_adpl _cHN _k535 / सत्यपा _2ddc _h535 _m सत्यपा |
||
| 999 |
_c1138 _d1138 |
||